Musik Allgemeinwissen Quiz #4 - Statistiken

Allgemein
  • Dieses Quiz wurde 293 mal gespielt
    115 seit der letzten Aktualisierung
  • Das Durchschnittsergebnis liegt bei 13 aus 20
Antwortstatistiken
Frage Antwort % Korrekt
Von welchem Film ist "My Heart Will Go On" der Soundtrack? Titanic
98%
Welche Kopfbedeckung trägt Mark Forster meistens in der Öffentlichkeit? Kappe
92%
Welches Instrument spielt David Garrett? Geige
88%
Von welcher britischen Band stammen Hits wie "Don't Stop Me Now", "I Want It All" und "Radio Ga Ga"? Queen
87%
Wer sang den Song "Anton aus Tirol"? DJ Ötzi
76%
Von welchem US-amerikanischen R&B-Sänger stammen Hits wie "24K Magic", "The Lazy Song" und "That's What I Like"? Bruno Mars
72%
Welche auf Heiterkeit abzielende Handlung muss laut Roberto Blanco "ein bisschen sein"? Spaß
70%
Welche beiden Beatles leben noch? Paul McCartney
68%
Welches Land gewann den Eurovision Song Contest 2025? Österreich
67%
Wer ist der "König von Mallorca"? Jürgen Drews
65%
Von wem stammen Lieder wie "Marylin", "Lila Wolken" oder "Love, Peace and Happiness" Marteria
64%
Welche Düsseldorfer Punkband erzählte die Geschichte der "Zehn kleinen Jägermeister"? Die Toten Hosen
63%
Zu welcher Band gehörte der britische Sänger George Michael? Wham!
59%
Ringo Starr
55%
Welcher Satiriker steckt hinter dem Künstlernamen "POL1Z1STENS0HN", unter dem er Rapsongs wie "Recht kommt" oder "Ich hab Polizei" veröffentlichte? Jan Böhmermann
51%
Wer sang den Titelsong zum neuesten James-Bond-Film "Keine Zeit zu sterben"? Billie Eilish
50%
Von welcher Band stammen Songs wie "Give it Away", "Snow" und "Otherside"? Red Hot Chili Peppers
45%
Welcher Berliner Rapper wurde beim Start seiner Karriere durch Affenmasken bekannt? Peter Fox
41%
Wer war in den 90ern Teil der Boygroup Bed & Breakfast und moderiert aktuell das Boulevardmagazin "taff"? Daniel Aminati
40%
Welchen Namen hat die als elitäres Musikfestival geplante Veranstaltung, die 2017 auf einer Bahamas-Insel vorzeitig abgebrochen wurde und über dessen Scheitern es u.a. eine Netflix-Doku gibt? Fyre Festival
11%
Keine übereinstimmenden Quizze gefunden
Verteilung der Resultate
Anzahl Personen mit jedem Resultat
Perzentil nach korrekt beantworteten Fragen
Ihre Resultats-Entwicklung
Sie haben dieses Quiz seit der letzten Aktualisierung nicht gespielt